International trade / (Record no. 61420)
[ view plain ]
| 000 -LEADER | |
|---|---|
| fixed length control field | 00856nam a2200277 a 4500 |
| 001 - CONTROL NUMBER | |
| control field | 61420 |
| 003 - CONTROL NUMBER IDENTIFIER | |
| rucl marc code | BD-RjUL |
| 005 - DATE AND TIME OF LATEST TRANSACTION | |
| control field | 20211209080948.0 |
| 008 - FIXED-LENGTH DATA ELEMENTS--GENERAL INFORMATION | |
| fixed length control field | 170117s1932 enka b 000 0 eng d |
| 035 ## - SYSTEM CONTROL NUMBER | |
| System control number | (BD-RjUL)61544 |
| 040 ## - CATALOGING SOURCE | |
| Original cataloging agency | DLC |
| Transcribing agency | IQU |
| Modifying agency | OCL |
| -- | BD-RjUL |
| Language of cataloging | eng |
| 041 ## - LANGUAGE CODE | |
| Language code of text/sound track or separate title | eng |
| 082 ## - DEWEY DECIMAL CLASSIFICATION NUMBER | |
| Classification number | 382 |
| Edition number | 23 |
| Author mark and year | WHI 1932 |
| 100 1# - MAIN ENTRY--PERSONAL NAME | |
| Personal name | Whale, P. Barrett |
| Fuller form of name | (Philip Barrett) |
| 9 (RLIN) | 183094 |
| 245 10 - TITLE STATEMENT | |
| Title | International trade / |
| Statement of responsibility, etc. | by Barrett Whale. |
| 260 ## - PUBLICATION, DISTRIBUTION, ETC. (IMPRINT) | |
| Place of publication, distribution, etc. | London : |
| Name of publisher, distributor, etc. | T. Butterworth limited, |
| Date of publication, distribution, etc. | 1932 |
| 300 ## - PHYSICAL DESCRIPTION | |
| Pagination | 255, [1] p. : |
| Illustrations | ill. ; |
| Size | 17 cm. |
| 490 1# - SERIES STATEMENT | |
| Series statement | Home university library of modern knowledge |
| 504 ## - BIBLIOGRAPHY, ETC. NOTE | |
| Bibliography, etc | Bibliography: p. 253-254. |
| 650 #0 - SUBJECT ADDED ENTRY--TOPICAL TERM | |
| Topical term or geographic name as entry element | Commerce. |
| 9 (RLIN) | 174075 |
| Topical term or geographic name as entry element | Foreign exchange. |
| 9 (RLIN) | 176284 |
| Topical term or geographic name as entry element | Payment. |
| 9 (RLIN) | 183095 |
| 830 #0 - SERIES ADDED ENTRY--UNIFORM TITLE | |
| Uniform title | Home university library of modern knowledge. |
| 942 ## - ADDED ENTRY ELEMENTS (KOHA) | |
| Source of classification or shelving scheme | Dewey Decimal Classification |
| Koha item type | Books |
| Lost status | Source of classification or shelving scheme | Damaged status | Not for loan | Collection code | Permanent Location | Current Location | Shelving location | Date acquired | Source of acquisition | Cost, normal purchase price | Total Checkouts | Full call number | Date last seen | Copy number | Koha item type |
|---|---|---|---|---|---|---|---|---|---|---|---|---|---|---|---|
| Dewey Decimal Classification | Not For Loan | Non-fiction | Central Library, University of Rajshahi | Central Library, University of Rajshahi | Reading Room | 07/11/1961 | A. J. Quarashi | 510.00 | 382 WHI 1932 | 17/01/2017 | C-1 | Books |